|
|
|
|
| LEADER |
00849nab a2200241 i 4500 |
| 001 |
publ17018 |
| 005 |
20191010104950.0 |
| 008 |
191010s2015 hu o 0|| magyar d |
| 022 |
|
|
|a 1217-3231
|
| 024 |
7 |
|
|a 2927598
|2 mtmt
|
| 040 |
|
|
|a SZTE Publicatio Repozitórium
|b hun
|
| 041 |
|
|
|a magyar
|
| 100 |
1 |
|
|a Gárgyán István
|
| 245 |
1 |
0 |
|a Időskori szeméremcsonttörések, okkult hátsó gyűrű sérülések vizsgálata
|h [elektronikus dokumentum] /
|c Gárgyán István
|
| 260 |
|
|
|c 2015
|
| 300 |
|
|
|a 19-25
|
| 490 |
0 |
|
|a MAGYAR TRAUMATOLÓGIA ORTOPÉDIA KÉZSEBÉSZET PLASZTIKAI SEBÉSZET
|v 58 No. 1
|
| 700 |
0 |
1 |
|a Csonka Ákos
|e aut
|
| 700 |
0 |
1 |
|a Kószó Balázs
|e aut
|
| 700 |
0 |
1 |
|a Vági Zsolt
|e aut
|
| 700 |
0 |
1 |
|a Berényi Zsolt
|e aut
|
| 700 |
0 |
1 |
|a Varga Endre
|e aut
|
| 856 |
4 |
0 |
|u http://publicatio.bibl.u-szeged.hu/17018/1/cikk_004.pdf
|z Dokumentum-elérés
|